000 00688nam a2200289Ia 4500
005 20260324141056.0
008 008 260324s9999 xx 000 0 eng d
020 _a9780203986110
037 _aEBOOK
040 _aCRL
040 _beng
040 _cCRL
041 _2eng
041 _aeng
084 _qCRL
100 _aD. Gerould; D. Gerould; Stanislav I. Witkiewicz
_91206830
245 0 _aCountry House
245 0 _bPolish Theatre Archive
260 _bTaylor and Francis
260 _c1997
365 _a
365 _b230
856 _uhttp://www.taylorfrancis.com/books/9780203986110
942 _cEBOOK
999 _c1809530
_d1809530